|
|
|
|
| LEADER |
00000nam a2200000 4500 |
| 001 |
vtls012253891 |
| 003 |
SK-MaSNL |
| 005 |
20260302044416.0 |
| 008 |
240402s2005 xo oab g 000 0 hun |
| 015 |
|
|
|a SNBE2024
|
| 020 |
|
|
|a 8080564957
|q (brožované)
|
| 040 |
|
|
|a SNK
|b slo
|c SNK
|e rda
|
| 041 |
0 |
|
|a hun
|
| 043 |
|
|
|a e-hu---
|
| 044 |
|
|
|a xo
|c SK
|
| 072 |
|
7 |
|a 72
|x Architektúra
|2 konspekt
|
| 080 |
|
|
|a 726.54
|2 2011
|
| 080 |
|
|
|a 726.5
|2 2011
|
| 080 |
|
|
|a 72.033.4
|2 2011
|
| 080 |
|
|
|a 904
|2 2011
|
| 080 |
|
|
|a (439)
|2 2011
|
| 080 |
|
|
|a (036)
|2 2011
|
| 245 |
0 |
0 |
|a Lébény
|b a Szent Jakab templom
|c munkatárs: Resko Sándor
|
| 264 |
|
1 |
|a Komárom
|b KT
|c 2005
|
| 300 |
|
|
|a 16 strán
|b farebné fotografie, ilustrácie, mapy
|c 17 cm
|
| 336 |
|
|
|a text
|b txt
|2 rdacontent
|
| 337 |
|
|
|a bez média
|b n
|2 rdamedia
|
| 338 |
|
|
|a zväzok
|b nc
|2 rdacarrier
|
| 490 |
1 |
|
|a Honismereti Kiskönyvtár
|v 282. szám
|
| 490 |
1 |
|
|a Tájak-Korok-Múzeumok Kiskönyvtára
|v 785. szám
|
| 500 |
|
|
|a Názov z obálky
|
| 610 |
2 |
7 |
|a Kostol sv. Jakuba (Lébény, Maďarsko)
|2 SNKKA
|9 700158
|
| 648 |
|
7 |
|a 13. storočie
|2 SNKPH
|9 301759
|
| 648 |
|
7 |
|a 13th century
|2 SNKPHeng
|9 315343
|
| 650 |
0 |
7 |
|a kostoly
|2 SNKPH
|9 3023
|
| 650 |
0 |
7 |
|a cirkevná architektúra
|2 SNKPH
|9 727
|
| 650 |
0 |
7 |
|a románska architektúra
|2 SNKPH
|9 68359
|
| 650 |
0 |
7 |
|a kultúrne pamiatky
|2 SNKPH
|9 2862
|
| 650 |
0 |
7 |
|a Churches
|2 SNKPHeng
|9 268754
|
| 650 |
0 |
7 |
|a Church architecture
|2 SNKPHeng
|9 302692
|
| 650 |
0 |
7 |
|a Romanesque architecture
|2 SNKPHeng
|9 384879
|
| 650 |
0 |
7 |
|a Cultural monuments
|2 SNKPHeng
|9 266481
|
| 651 |
|
7 |
|a Lébény (Maďarsko)
|2 SNKPH
|9 700159
|
| 651 |
|
7 |
|a Lébény (Hungary)
|2 SNKPHeng
|9 700160
|
| 655 |
|
7 |
|a informačné publikácie
|2 SNKPH
|9 70181
|
| 655 |
|
7 |
|a Information publications
|2 SNKPHeng
|9 265188
|
| 700 |
1 |
|
|a Reško, Alexander
|4 clb
|9 12942
|
| 700 |
1 |
|
|a Szénássy, Árpád
|4 pht
|9 323745
|
| 830 |
|
0 |
|a Honismereti Kiskönyvtár
|9 276527
|
| 830 |
|
0 |
|a Tájak-Korok-Múzeumok Kiskönyvtára
|9 310675
|
| 852 |
|
|
|a Slovenská národná knižnica
|
| 919 |
|
|
|a 80-8056-495-7
|
| 954 |
|
|
|a iná literatúra (príručky, kuchárske knihy, hobby literatúra, sprievodcovia) cudzojazyčná (svetová)
|2 lita
|
| 958 |
|
|
|a HU
|
| 999 |
|
|
|c 1089579
|d 1091509
|
| 952 |
|
|
|a SNK
|b SNK
|y PREZ
|7 0
|p 17A1531293
|o snkOSD 11023
|i snk2024/5278
|8 7
|0 0
|1 0
|4 0
|d 2024-04-02
|l 0
|r 2026-02-24 16:53:22
|w 2026-02-24
|